| 000 | nam a22 a 4500 | ||
|---|---|---|---|
| 999 |
_c890 _d890 |
||
| 003 | AKMAL | ||
| 005 | 20170505163426.0 | ||
| 008 | 170505s1989 my i00 eng d | ||
| 020 | _a9839962809 | ||
| 040 | _aAKMAL | ||
| 082 | 0 | 4 | _a297.1975 ALA |
| 090 | 0 | 0 |
_a297.1975 _bALA |
| 100 | 1 |
_aal-Attas, Syed Muhammad Naquib, _d1931- _9847 |
|
| 245 | 1 |
_aIslam and the philosophy of science / _cby Syed Muhammad Naquib al-Attas |
|
| 260 |
_aKuala Lumpur : _bInternational Institute of Islamic Thought and Civilization, Universiti Islam Antarabangsa, _c1989 |
||
| 300 |
_a36p. ; _c21cm. |
||
| 650 |
_aIslam and science _9152 |
||
| 650 |
_aReligion and science _91900 |
||
| 650 |
_aQur'an and science _91626 |
||
| 942 |
_2ddc _cBOOK |
||